000 00291nam a22001337a 4500
008 170926b xxu||||| |||| 00| 0 eng d
020 _a9780312390198
041 _aeng
080 _26TH
_a37
100 _a46
101 _aEDU
245 _aA WORLD OF IDEAS
_cJACOBUS,L.A
942 _2udc
_cBK
999 _c30007
_d30007